Our wonderful earth / (Record no. 110042)
[ view plain ]
| 000 -LEADER | |
|---|---|
| fixed length control field | 00437nam a2200169 a 4500 |
| 001 - CONTROL NUMBER | |
| control field | 3272 |
| 005 - DATE AND TIME OF LATEST TRANSACTION | |
| control field | 20140414131848.0 |
| 008 - FIXED-LENGTH DATA ELEMENTS--GENERAL INFORMATION | |
| fixed length control field | 060215s19uu xx 00 eng d |
| 050 ## - LIBRARY OF CONGRESS CALL NUMBER | |
| Classification number | M 398.2 |
| Item number | W17 |
| 100 ## - MAIN ENTRY--PERSONAL NAME | |
| Personal name | Disney, Walt |
| 245 ## - TITLE STATEMENT | |
| Title | Our wonderful earth / |
| Statement of responsibility, etc | Walt Disney. |
| 260 ## - PUBLICATION, DISTRIBUTION, ETC. (IMPRINT) | |
| Name of publisher, distributor, etc | The Walt Disney. |
| 300 ## - PHYSICAL DESCRIPTION | |
| Extent | p. : ill. ; cm. |
| 440 ## - SERIES STATEMENT/ADDED ENTRY--TITLE | |
| Title | The Tupperware Library |
| 650 ## - SUBJECT ADDED ENTRY--TOPICAL TERM | |
| Topical term or geographic name as entry element | Earth |
| General subdivision | Juvenile literature. |
| Withdrawn status | Lost status | Damaged status | Use restrictions | Home library | Current library | Shelving location | Date acquired | Source of acquisition | Total Checkouts | Full call number | Barcode | Date last seen | Price effective from | Koha item type |
|---|---|---|---|---|---|---|---|---|---|---|---|---|---|---|
| Munich Library | Munich Library | Main Section | 02/15/2006 | M 398.2 W17 | M0287 | 04/14/2014 | 04/14/2014 | Books |